|
|
|
|
| LEADER |
00958cam a2200229 7i4500 |
| 001 |
0000033558 |
| 005 |
20230807090000.0 |
| 008 |
100504 eng |
| 090 |
0 |
0 |
|a QL430.7.M95
|b N87 2009
|
| 100 |
0 |
|
|a Nurdalila A'wani Abd. Aziz
|
| 245 |
1 |
0 |
|a Selective breeding for enhanced superior traits in perna viridis (green mussel)
|c Nurdalila A'wani binti Abd. Aziz.
|
| 260 |
|
|
|a Shah Alam, Selangor:
|b UNISEL,
|c 2009.
|
| 300 |
|
|
|a ix, 66 p.:
|b col. ill.;
|c 30 cm.
|
| 500 |
|
|
|a Please login MyLib (library.unisel.edu.my/web/guest/mylibrary - click eDocument)
|
| 502 |
|
|
|a Biotechnology, Bachelor, UNISEL, 2009
|
| 610 |
2 |
|
|a Universiti Industri Selangor
|
| 650 |
0 |
0 |
|a Mytilidae --
|x Physiology
|
| 650 |
0 |
0 |
|a mollusks --
|x Physiology
|
| 650 |
0 |
0 |
|a Mytilidae
|
| 997 |
|
|
|a Engineering & Life Sciences, Faculty
|b Science & Biotechnology, Department
|
| 998 |
|
|
|a Biotechnology, Degree
|
| 999 |
|
|
|a THE0000996
|b THESIS
|c THESIS
|e Thesis Room, Bestari Jaya
|